| 000 | 01242cam a2200313 i 4500 | ||
|---|---|---|---|
| 001 | 8005 | ||
| 003 | Mx-PuUPA | ||
| 005 | 20240410103445.0 | ||
| 008 | 140415s1987 sp a g 000 0 spa d | ||
| 020 |
_a8423953971 _qobra completa |
||
| 040 |
_aMx-PuUPA _bspa _cMx-PuUPA _dMx-PuUPA _erda |
||
| 041 | 1 |
_aspa _hfre |
|
| 240 | 1 | 4 |
_aLes hommes et leurs oeuvres. _lEspañol |
| 245 | 0 | 0 |
_aDiccionario de la música : _blos hombres y sus obras / _cpublicado bajo la dirección de Marc Honegger ; edición española a cargo de Tomás Marco ; traducción, Francisco Javier Aguirre [y otros dos] |
| 264 | 1 |
_aMadrid : _bEspasa - Calpe, _c1987 |
|
| 300 |
_a2 volúmenes (paginación varía) : _bilustraciones ; _c25 cm. |
||
| 336 |
_2rdacontent _atexto _btxt |
||
| 337 |
_2rdamedia _asin medio _bn |
||
| 338 |
_2rdacarrier _avolumen _bnc |
||
| 505 |
_gt.1. _tA-k. -- _gt.2. _tL-Z. |
||
| 650 | 7 |
_aMúsica _vEnciclopedias y diccionarios _2armarc |
|
| 700 |
_aHonegger, Marc, _edirector |
||
| 700 |
_aMarco, Tomás, _eeditor |
||
| 700 |
_aAguirre, Marc, _etraductor |
||
| 765 | 0 | 8 |
_aHonegger, Marc, _dParís : Bordas, 1970 _tLes hommes et leurs oeuvres. |
| 942 |
_2ddc _cLI _h780.03 _iD545 |
||
| 999 |
_c8005 _d8005 |
||